000 00876nam a22002777a 4500
001 6848
003 FISKH
005 20250603101418.0
008 250603b cb ||||| |||| 00| 0 eng d
020 _a9780545537353
040 _aFISKH
_beng
_cFISKH
_dFISKH
050 _aPZ7.E696 P
082 _a823.92
100 _aEmmett, Jonathan
245 _aThe princess and the pig /
_cJonathan Emmett ; Polly Bernatene
250 _aFirst Scholastic printing, January 2013
260 _aNew York :
_bScholastic,
_c2011.
300 _a32 unnumbered pages :
_bcolor illustrations ;
_c26 cm
505 _aR
520 _aWhen a new baby princess accidentally changes places with a piglet, both of their lives are forever changed.
521 8 _a700
_bLexile AD
521 8 _aR
_bRaz-Plus
650 _aFairy Tale
_vPigs
942 _2ddc
_cBK
_n0
999 _c6848
_d6848